000 00953nam a2200301 i 4500
003 EG-GICUC
005 20260426125106.0
008 1892 b fr ||||fr|||| 00| 0 fre d
040 _aEG-GiCUC
_bfre
_cEG-GiCUC
_dEG-GiCUC
_eRda
082 0 4 _221
_a343
_bTA.E
092 0 4 _221
099 _aLaw1 10 343 TA.E 1892
100 1 _a Tarde G.
_eAuteur
245 1 0 _aÉtudes Pénales et Sociales /
_cG. Tarde
264 _aLyon :
_bA. Storck ,
_c1892.
264 _aParis :
_bG. Masson ,
_c1892
300 _a page : 460
_billustration ; bibliographiques.
_c 24 cm.
336 _2rda contenu
_a texte
337 _2rda medias
_aOrdinateur
338 _2 transporteur rda
_a Ressource en ligne
504 _aComprend des références bibliographiques.
546 _aTexte en français
650 1 _aDroit pénal
_2qrmak
651 1 _2qrmak
856 4 0 _uhttps://fll.law.cu.edu.eg/fulltext/bks/B10-10994.pdf
905 _a157
942 _2ddc
_cBK
_e21
_n0
999 _c73475
_d73475